Hệ tư tưởng Đức
v.v...
Đã lưu trong:
| Tác giả chính: | |
|---|---|
| Định dạng: | Sách |
| Năm xuất bản: |
H.
Chính trị Quốc gia
2004
|
| Phiên bản: | Tái bản |
| Chủ đề: | |
| Tags: |
Thêm thẻ
Không có thẻ, Hãy là người đầu tiên gắn thẻ bản ghi này!
|
| LEADER | 00929nam a2200217 4500 | ||
|---|---|---|---|
| 082 | |a 335.401 |b M101C | ||
| 100 | |a Mac, C | ||
| 245 | |a Hệ tư tưởng Đức |c C. Mác, Ph. Ăng- Ghen | ||
| 250 | |a Tái bản | ||
| 260 | |a H. |b Chính trị Quốc gia |c 2004 | ||
| 300 | |a 1006 tr. |c 21 cm | ||
| 520 | |a v.v... | ||
| 653 | |a CN Mác | ||
| 653 | |a Ăng ghen, ph | ||
| 653 | |a Triết học | ||
| 653 | |a hệ tư tưởng | ||
| 942 | |2 ddc |c STK0 | ||
| 999 | |c 9252 |d 9252 | ||
| 952 | |0 0 |1 0 |2 ddc |4 0 |6 3335_401000000000000_M101C |7 0 |8 300 |9 74599 |a qbu |b qbu |c D2 |d 2015-05-08 |g 80500 |o 3335.401 M101C |p 9042.c1 |r 0000-00-00 |w 2015-05-08 |y STK0 | ||
| 952 | |0 0 |1 0 |2 ddc |4 0 |6 3335_401000000000000_M101C |7 0 |8 300 |9 74600 |a qbu |b qbu |c D2 |d 2015-05-08 |g 80500 |o 3335.401 M101C |p 9042.c2 |r 0000-00-00 |w 2015-05-08 |y STK0 | ||
| 952 | |0 0 |1 0 |2 ddc |4 0 |6 3335_401000000000000_M101C |7 0 |8 300 |9 74601 |a qbu |b qbu |c D2 |d 2015-05-08 |g 80500 |o 3335.401 M101C |p 9042.c3 |r 0000-00-00 |w 2015-05-08 |y STK0 | ||